000 01006nas a2200349 4500
001 BR0304101
003 BR-BrBNA
005 20231205104001.0
007 ta
008 230509b bl.|||p| |||| 00| 00por d
040 _aBR-BrBNA
_bpor
_cBiblioteca Nacional de Agricultura
041 _a(Pt)
072 _aL73; L70
100 1 _aRibeiro, M.G.
100 1 _aNardi Júnior, G. de
100 1 _aDias Júnior, J.G.
100 1 _aPaes, A.C.
100 1 _aMegid, J.
100 1 _aGonçalves, R.C.
100 1 _aSilva Júnior, F.F
245 1 _aPolissinovite auto-imune por Rhodococcus equi em potro, secundária à enterocolite
650 _aPOTRO
650 _aLINFADENITE CASEOSA
650 _aABSCESSO
650 _aPULMÃO
650 _aENTERITE
650 _aINFECÇÃO
650 _aVETERINÁRIA
773 0 _tRevista de Educação Continuada (Brazil)
_xISSN 1516-3326
_g(2002), v. 5(2) p. 206-214
_wBR0304101
909 _a202311
_bLúcia
_c55
_dLúcia Elande
942 _2AGRIS
_n0
_cANA
999 _c175792
_d175792